Comentarios a la Ley de libertad sindical (Record no. 46421)

MARC details
000 -LEADER
campo de control de longitud fija 00582nam a2200181 i 4500
001 - NÚMERO DE CONTROL
campo de control 46421
003 - IDENTIFICADOR DE NÚMERO DE CONTROL
campo de control ES-MaACL
007 - CAMPO FIJO DE DESCRIPCIÓN FÍSICA--INFORMACIÓN GENERAL
campo de control de longitud fija t|
008 - DATOS DE LONGITUD FIJA--INFORMACIÓN GENERAL
campo de control de longitud fija 030328s1986 sp ||||1| spa d
020 ## - NÚMERO INTERNACIONAL ESTÁNDAR DEL LIBRO
Número Internacional Estándar del Libro 84-309-1235-5
245 00 - MENCIÓN DEL TÍTULO
Título Comentarios a la Ley de libertad sindical
Resto del título : Ley Orgánica 11/1985 de libertad sindical /
Mención de responsabilidad, etc. Miguel Rodríguez-Piñero, coordinador.
260 ## - PUBLICACIÓN, DISTRIBUCIÓN, ETC.
Lugar de publicación, distribución, etc. Madrid :
Nombre del editor, distribuidor, etc. Tecnos,
Fecha de publicación, distribución, etc. 1986.
300 ## - DESCRIPCIÓN FÍSICA
Extensión 410 p. ;
Dimensiones 25 cm.
500 ## - NOTA GENERAL
Nota general Indice.
500 ## - NOTA GENERAL
Nota general Ap. legislativo: p. 367-404.
700 1# - ENTRADA AGREGADA--NOMBRE PERSONAL
Nombre de persona Rodríguez-Piñero, Miguel.
9 (RLIN) 98735
852 ## - LOCALIZACIÓN
Ubicación ES-MaACL
Número de control de estantería G-1681
Sublocalización o colección R.114183
Holdings
Estatus retirado Estado de pérdida Estado de daño No para préstamo Biblioteca de origen Biblioteca actual Ubicación en estantería Fecha de adquisición Fuente de adquisición Total de préstamos Signatura topográfica completa Código de barras Visto por última vez Precio de reemplazo Tipo de ítem Koha
        Biblioteca del Ateneo de Madrid Biblioteca del Ateneo de Madrid Depósito 2 17/01/2008     G-1681 1048821 23/02/2023 23/02/2023 Libro impreso